| 000 | 00777nam a2200301Ia 4500 | ||
|---|---|---|---|
| 008 | 171025s9999 xx 000 0 und d | ||
| 020 | _a9780764138225 | ||
| 050 | _a909 | ||
| 050 | _bC226 2008 | ||
| 100 | _aMcCannon, John | ||
| 245 | _aAP world history / | ||
| 245 | _cJohn McCannon. | ||
| 250 | _aThird edition. | ||
| 260 | _aCanada : | ||
| 260 | _bBarron's, | ||
| 260 | _c2008 | ||
| 300 | _avii, 540 pages : | ||
| 300 | _billustrations ; | ||
| 300 | _c28cm. | ||
| 500 | _aIncludes index. | ||
| 650 | _aAdvanced placement programs (Education). | ||
| 650 | _aWorld history -- | ||
| 650 | _aWorld history -- Examinations -- | ||
| 650 | _xExamination. | ||
| 650 | _xStudy guides. | ||
| 700 | _aTitle : Barron's AP world history. | ||
| 700 | _aTitle. | ||
| 999 |
_c344874 _d344874 |
||